Wireless Communications: Principles and Practice/ (Record no. 175645)

MARC details
000 -LEADER
fixed length control field 00737nam a22002057a 4500
005 - DATE AND TIME OF LATEST TRANSACTION
control field 20200911154246.0
010 ## - LCCN (DPL NO)
LC control number ENG-128420
020 ## - INTERNATIONAL STANDARD BOOK NUMBER
Terms of availability 829.00
International Standard Book Number 9788131731864
035 ## - SYSTEM CONTROL NUMBER
System control number EN-111952
037 ## - SOURCE OF ACQUISITION
Source of stock number/acquisition DBAD/PUB
082 ## - DEWEY DECIMAL CLASSIFICATION NUMBER
Classification number 621.3845
100 ## - MAIN ENTRY--PERSONAL NAME
Personal name Rappaport, Theodore S.
245 ## - TITLE STATEMENT
Title Wireless Communications: Principles and Practice/
Statement of responsibility, etc by Theodore S. Rappaport
250 ## - EDITION STATEMENT
Edition statement 2nd edition
260 ## - PUBLICATION, DISTRIBUTION, ETC. (IMPRINT)
Place of publication, distribution, etc Noida
Name of publisher, distributor, etc Pearson
Date of publication, distribution, etc 2020
270 ## - ADDRESS
Address 15th floor,Tower-B,Word Trade Tower,Plot no.1,Block-C sec 16,
City Noida
Postal code 201301
Telephone number 04466540100
Electronic mail address companysecretary.india@pearson.com
300 ## - PHYSICAL DESCRIPTION
Extent xxiii; 693p.
Dimensions 23cm(pbk)
Other physical details Diagrams and Tables
500 ## - GENERAL NOTE
General note Includes References, Abbrevations.
942 ## - ADDED ENTRY ELEMENTS (KOHA)
Source of classification or shelving scheme Dewey Decimal Classification
Item type English Books
Classification part 621.3845
Call number suffix WIR
Holdings
Withdrawn status Lost status Not for loan Collection code Home library Current library Date acquired Source of acquisition Cost, normal purchase price Full call number Barcode Cost, replacement price Koha item type
      Non-fiction Sarojini Nagar Sarojini Nagar 11/09/2020 DBAD/PUB 829.00 621.3845 WIR EN-111952 829.00 English Books

© Delhi Public Library
Hit Counter
free hit counter